000
00332nam a2200133Ia 4500
008
240624s9999 xx 000 0 und d
041
_a
eng
082
_a
658.155 ICF
100
_a
ICFAI
245
_a
RISK MANAGEMENT IN BANKS TEXTBOOK
260
_c
2008
_a
Hyderabad
_b
ICFAI press
300
_a
344 : p. : cm. ; 26
365
_c
RS
_b
20
999
_c
12417
_d
12417